<?xml version="1.0" encoding="UTF-8"?>
<record
    xmlns:xsi="http://www.w3.org/2001/XMLSchema-instance"
    xsi:schemaLocation="http://www.loc.gov/MARC21/slim http://www.loc.gov/standards/marcxml/schema/MARC21slim.xsd"
    xmlns="http://www.loc.gov/MARC21/slim">

  <leader>00977nam a2200277 a 4500</leader>
  <controlfield tag="001">24801</controlfield>
  <controlfield tag="003">CO-ViMGA</controlfield>
  <controlfield tag="005">20230915232019.0</controlfield>
  <controlfield tag="008">141112s2004    ck      r     000 u spa d</controlfield>
  <datafield tag="020" ind1=" " ind2=" ">
    <subfield code="a">8483222898</subfield>
  </datafield>
  <datafield tag="040" ind1=" " ind2=" ">
    <subfield code="a">CO-ViMGA</subfield>
    <subfield code="b">spa</subfield>
    <subfield code="c">CO-ViMGA</subfield>
  </datafield>
  <datafield tag="041" ind1=" " ind2=" ">
    <subfield code="a">spa</subfield>
  </datafield>
  <datafield tag="082" ind1="0" ind2="4">
    <subfield code="a">339 B51m</subfield>
  </datafield>
  <datafield tag="100" ind1="1" ind2=" ">
    <subfield code="a">Blanchard, Olivier Jean, 1948 - .</subfield>
    <subfield code="9">37052</subfield>
  </datafield>
  <datafield tag="245" ind1="1" ind2="0">
    <subfield code="a">Macroeconom&#xED;a / </subfield>
    <subfield code="c">Olivier Jean Blanchard. Traducci&#xF3;n Esther Rabasco Esp&#xE1;riz, revisi&#xF3;n t&#xE9;cnica Cecilia Albert Verdu.../et.al./.</subfield>
  </datafield>
  <datafield tag="250" ind1=" " ind2=" ">
    <subfield code="a">4.ed.</subfield>
  </datafield>
  <datafield tag="260" ind1=" " ind2=" ">
    <subfield code="a">Madrid : </subfield>
    <subfield code="b">Prentice Hall, </subfield>
    <subfield code="c">2006.</subfield>
  </datafield>
  <datafield tag="300" ind1=" " ind2=" ">
    <subfield code="a">xxviii, 703 p. : il. ;  25 cm.</subfield>
  </datafield>
  <datafield tag="505" ind1=" " ind2=" ">
    <subfield code="a">con soporte interactivo en inoodle</subfield>
  </datafield>
  <datafield tag="650" ind1="1" ind2="4">
    <subfield code="a">Macroeconom&#xED;a </subfield>
  </datafield>
  <datafield tag="650" ind1="1" ind2="4">
    <subfield code="a">Pol&#xED;tica econ&#xF3;mica - Teorias</subfield>
    <subfield code="9">8233</subfield>
  </datafield>
  <datafield tag="700" ind1="1" ind2=" ">
    <subfield code="a">Rabasco Espariz, Mar&#xED;a Esther</subfield>
    <subfield code="9">37053</subfield>
  </datafield>
  <datafield tag="942" ind1=" " ind2=" ">
    <subfield code="2">ddc</subfield>
    <subfield code="c">BK</subfield>
  </datafield>
  <datafield tag="949" ind1=" " ind2=" ">
    <subfield code="a">n        n</subfield>
  </datafield>
  <datafield tag="999" ind1=" " ind2=" ">
    <subfield code="c">32603</subfield>
    <subfield code="d">32603</subfield>
  </datafield>
  <datafield tag="952" ind1=" " ind2=" ">
    <subfield code="0">0</subfield>
    <subfield code="1">0</subfield>
    <subfield code="2">ddc</subfield>
    <subfield code="4">0</subfield>
    <subfield code="7">0</subfield>
    <subfield code="8">002</subfield>
    <subfield code="a">MEVIECAR</subfield>
    <subfield code="b">MEVIECAR</subfield>
    <subfield code="d">2015-12-04</subfield>
    <subfield code="h">03/abr/2013</subfield>
    <subfield code="l">1</subfield>
    <subfield code="o">339 B51m </subfield>
    <subfield code="p">25655</subfield>
    <subfield code="r">2017-10-20 00:00:00</subfield>
    <subfield code="s">2017-10-09</subfield>
    <subfield code="t">Ej. 1</subfield>
    <subfield code="w">2015-12-04</subfield>
    <subfield code="y">BK</subfield>
  </datafield>
</record>
